000 00527nam a2200181Ia 4500
005 20250508155209.0
008 008 250505s9999 xx 000 0 eng d
037 _aBooks to be hide in OPAC
040 _aFEDL
_beng
_cFEDL
041 _aeng
_2eng
084 _a371.3, IND/O
_qFEDL
245 0 _aHandbook on training facilities in Bihar : Vol. 1 Institutional training
245 0 _cIndia. Ministry of Labour
260 _c1956
300 _a31p.
942 _cHB
_h371.3, IND/O
999 _c1355133
_d1355133